Le plus grand ville commençant par K dans ce pays - Statistiques

Statistiques générales
  • Ce quiz a été pris 183 fois
  • Le résultat moyen est 11 sur 18
Statistiques - réponses
Pays K-ville % Correct
Ukraine Kiev
99%
Jamaique Kingston
95%
Afghanistan Kaboul
88%
Nepal Kathmandou
88%
RD Congo Kinshasa
87%
Soudan Khartoum
81%
Rwanda Kigali
81%
Ouganda Kampala
69%
Pakistan Karachi
62%
Lituanie Kaunas
55%
États-Unis Kansas City
54%
Japon Kobe
49%
Nigeria Kano
45%
Russie Kazan
44%
Allemagne Karlsruhe
33%
Irlande Kilkenny
31%
Georgie Koutaïssi
16%
Corée du Nord Kaesong
10%
Aucun quiz correspondant
Distribution des résultats
% des personnes avec chaque résultat
Percentile par nombre de réponses
Votre historique - résultats
Vous n’avez pas pris ce quiz